Statistics for Abilities based on the Pokemon-Gen I

Click here to take the quiz!

General Stats

  • This quiz has been taken 14 times
  • The average score is 11 of 20

Answer Stats

PokemonAbility(ies)% Correct
Starmie (Hidden)Analytic
100%
TentacruelClear Body | Liquid Ooze
100%
WigglytuffCute Charm | Competitive
100%
KangaskhanEarly Bird | Scrappy
100%
Vileplume (Hidden)Effect Spore
100%
Moltres (Hidden)Flame Body
100%
Snorlax (Hidden)Gluttony
100%
MachampGuts | No Guard
100%
Lapras (Hidden)Hydration
100%
KinglerHyper Cutter | Shell Armour
100%
SnorlaxImmunity | Thick Fat
100%
Ditto (Hidden)Imposter
100%
TaurosIntimidate | Anger Point
100%
FearowKeen Eye
100%
WeezingLevitate
100%
Raichu (Hidden)Lightning Rod
100%
HitmonleeLimber | Reckless
100%
SlowbroOblivious | Own Tempo
100%
ArticunoPressure
100%
MoltresPressure
100%
MewtwoPressure
100%
Jolteon (Hidden)Quick Feet
100%
RaticateRun Away | Guts
100%
SandslashSand Veil
100%
CloysterShell Armour | Skill Link
100%
Articuno (Hidden)Snow Cloak
100%
Charizard (Hidden)Solar Power
100%
BeedrillSwarm
100%
AlakazamSynchronise | Inner Focus
100%
DewgongThick Fat | Hydration
100%
BlastoiseTorrent
100%
Ninetales (Hidden)Drought
67%
DragoniteInner Focus
67%
RapidashRun Away | Flash Fire
67%
JolteonVolt Absorb
67%
ExeggutorChlorophyll
50%
NinetalesFlash Fire
50%
Flareon (Hidden)Guts
50%
Vaporeon (Hidden)Hydration
50%
Gengar (Pre Gen VII)Levitate
50%
Seaking (Hidden)Lightning Rod
50%
VenusaurOvergrow
50%
DodrioRun Away | Early Bird
50%
Sandslash (Hidden)Sand Rush
50%
DugtrioSand Veil | Arena Trap
50%
Kingler (Hidden)Sheer Force
50%
Zapdos (Hidden)Static
50%
PoliwrathWater Absorb | Damp
50%
Beedrill (Hidden)Sniper
33%
Arbok (Hidden)Unnerve
33%
Machamp (Hidden)Steadfast
25%
Electrode (Hidden)Aftermath
0%
Marowak (Hidden)Battle Armour
0%
Pidgeot (Hidden)Big Pecks
0%
CharizardBlaze
0%
VictreebelChlorophyll
0%
Venusaur (Hidden)Chlorophyll
0%
VileplumeChlorophyll
0%
ButterfreeCompound Eyes
0%
Gengar (Post Gen VII)Cursed Body
0%
ClefairyCute Charm | Magic Guard
0%
Parasect (Hidden)Damp
0%
GolduckDamp | Cloud Nine
0%
Farfetch'd (Hidden)Defiant
0%
Jynx (Hidden)Dry Skin
0%
ParasectEffect Spore | Dry Skin
0%
Rapidash (Hidden)Flame Body
0%
FlareonFlash Fire
0%
Wigglytuff (Hidden)Frisk
0%
Victreebel (Hidden)Gluttony
0%
Exeggutor (Hidden)Harvest
0%
Raticate (Hidden)Hustle
0%
PinsirHyper Cutter | Mold Breaker
0%
Dewgong (Hidden)Ice Body
0%
StarmieIlluminate | Natural Cure
0%
Hypno (Hidden)Inner Focus
0%
Kangaskhan (Hidden)Inner Focus
0%
Hitmonchan (Hidden)Inner Focus
0%
HypnoInsomnia | Forewarn
0%
GyaradosIntimidate
0%
ArcanineIntimidate | Flash Fire
0%
ArbokIntimidate | Shed Skin
0%
Arcanine (Hidden)Justified
0%
Farfetch'dKeen Eye | Inner Focus
0%
HitmonchanKeen Eye | Iron Fist
0%
PidgeotKeen Eye | Tangled Feet
0%
DittoLimber
0%
PersianLimber | Technician
0%
Alakazam (Hidden)Magic Guard
0%
Pinsir (Hidden)Moxie
0%
Gyarados (Hidden)Moxie
0%
Dragonite HIddenMultiscale
0%
JynxOblivious | Forewarn
0%
Cloyster (Hidden)Overcoat
0%
NidokingPoison Point | Rivalry
0%
NidoqueenPoison Point | Rivalry
0%
Muk (Hidden)Poison Touch
0%
ZapdosPressure
0%
Tentacruel (Hidden)Rain Dish
0%
Blastoise (Hidden)Rain Dish
0%
Slowbro (Hidden)Regenerator
0%
MarowakRock Head | Lightning Rod
0%
AerodactylRock Head | Pressure
0%
GolemRock Head | Sturdy
0%
Dugtrio (Hidden)Sand Force
0%
Golem (Hidden)Sand Veil
0%
Tauros (Hidden)Sheer Force
0%
NIdoking (Hidden)Sheer Force
0%
Nidoqueen (Hidden)Sheer Force
0%
VenomothShield Dust | Tinted Lens
0%
Fearow (Hidden)Sniper
0%
Mr. MimeSoundproof | Filter
0%
ElectrodeSoundproof | Static
0%
RaichuStatic
0%
MukStench | Sticky Hold
0%
Golduck (Hidden)Swift Swim
0%
Poliwrath HiddenSwift Swim
0%
OmastarSwift Swim | Shell Armour
0%
KabutopsSwift Swim | Shell Armour
0%
SeakingSwift Swim | Water Veil
0%
MewSynchronise
0%
Dodrio (Hidden)Tangled Feet
0%
Mr. Mime (Hidden)Technician
0%
Butterfree (Hidden)Tinted Lens
0%
Clefairy (Hidden)Unaware
0%
Hitmonlee (Hidden)Unburden
0%
Aerodactyl (Hidden)Unnerve
0%
Persian (Hidden)Unnerve
0%
Mewtwo (Hidden)Unnerve
0%
VaporeonWater Absorb
0%
LaprasWater Absorb | Shell Amour
0%
Kabutops (Hidden)Weak Armour
0%
Omastar (Hidden)Weak Armour
0%
Venomoth (Hidden)Wonder Skin
0%

Score Distribution

Percentile by Number Answered

Percent of People with Each Score

Your Score History

You have not taken this quiz